02183nam a2200445 a 4500001001200000003000800012006001900020007001500039008004100054010001700095020003400112020003700146020003600183020003300219020002700252040002100279035002100300050002600321082002200347100003500369245012300404246005500527260005400582300001700636440004000653504006600693505035900759533015201118650003701270650003801307650004901345650003901394650005201433650002601485650003701511655002901548710001701577856012601594999001701720ebr10649617CaPaEBRm u cr cn|||||||||030909s2004 nyu sb 001 0 eng d z 2003019941 z0801439655 (cloth alk. paper) z9780801439650 (cloth alk. paper) z9780801472732 (pbk. alk. paper) z0801472733 (pbk. alk. paper) z9780801467172 (e-book) aCaPaEBRcCaPaEBR a(OCoLC)82873663414aHV6322.7b.V35 2004eb04a364.15/1/09042221 aValentino, Benjamin A.,d1971-10aFinal solutionsh[electronic resource] :bmass killing and genocide in the twentieth century /cBenjamin A. Valentino.30aMass killing and genocide in the twentieth century aIthaca, N.Y. :bCornell University Press,cc2004. aviii, 317 p. 0aCornell studies in security affairs aIncludes bibliographical references (p. [255]-309) and index.0 aMass killing and genocide -- The perpetrators and the public -- The strategic logic of mass killing -- Communist mass killings : the Soviet Union, China, and Cambodia -- Ethnic mass killings : Turkish Armenia, Nazi Germany, and Rwanda -- Counterguerrilla mass killings : Guatemala and Afghanistan -- Conclusion : anticipating and preventing mass killing. aElectronic reproduction.bPalo Alto, Calif. :cebrary,d2013.nAvailable via World Wide Web.nAccess may be limited to ebrary affiliated libraries. 0aGenocidexHistoryy20th century. 0aMassacresxHistoryy20th century. 0aPolitical atrocitiesxHistoryy20th century. 0aWar crimesxHistoryy20th century. 0aCrimes against humanityxHistoryy20th century. 0aGenocidexPrevention. 0aIntervention (International law) 7aElectronic books.2local2 aebrary, Inc.40uhttp://site.ebrary.com/lib/rucke/Doc?id=10649617zAn electronic book accessible through the World Wide Web; click to view c74562d74562